000 01035cam a2200289 i 4500
001 40825
003 Mx-PuUPA
005 20241119104535.0
008 140415s1967 mx gr 000 0 spa d
040 _aMx-PuUPA
_cMx-PuUPA
_bspa
_dMx-PuUPA
_erda
041 0 _aspa
100 1 _aPortilla, Anselmo de la,
_d1816-1879
_916468
_eautor
245 1 0 _aHistoria de la revolución de México :
_bcontra la dictadura del General Santa Anna 1853-1855 /
_cAnselmo de la Portilla
264 1 _aMéxico, D. F. :
_bEditora nacional,
_c1967
300 _a335 páginas ;
_c17 cm
336 _2rdacontent
_atexto
_btxt
337 _2rdamedia
_asin medio
_bn
338 _2rdacarrier
_avolumen
_bnc
490 0 _aColección Económica ;
_v929
490 0 _aLibros de bolsillo Bunos Bonito Baratos
600 1 4 _aLópez de Santa Anna, Antonio,
_d1791-1853
651 4 _aMéxico
_xHistoria
_xFederalismo y centralismo
_y1824-1853
942 _cLI
_2ddc
_h972.05
_iL87
999 _c40825
_d40825